Регионална библиотека "Любен Каравелов" - Русе

История Индии (Запис номер 57935)

MARC детайли
000 -Лидер
Контролно поле с фиксирана дължина 01057nam a2200277 c 4500
003 - Код на организацията, давaща контролен номер
Контролно поле BLK
005 - Дата и час на последна редакция
Контролно поле 20180420222727.0
008 - Елементи от данни с фиксирана дължина
fixed length control field 180408b bul|||||r ||||||| ||bul||
010 ## - Наследен системен номер
LC control number KNG00061952000
040 ## - Източник на каталожния запис
Идентификатор на билиотеката - собственик на записа BLK
041 ## - Код за език
Код за езика на текст/звукозапис или на отделно заглавие Руски
Код за езика КДБФ Руски
080 ## - УДК
Текстов определител УДК История на Индия
УДК код - определител по УДК 954.0
УДК определител
УДК - код + определител 954.0
100 1# - Редна дума - Автор
Автор Антонова, К. А.
Авторска отговорност първи автор
R(LIN) 287975
139 ## - Редно поле
Редна дума Антонова, К. А. и др.
Авторски знак
245 10 - Сведения за заглавието
Заглавие История Индии
Подзаглавни данни Краткий очерк
Редно поле (дума) К. А. Антонова; съавт. Григорий Максимович Бонгард-Левин; съавт. Г. Г. Котовский.
260 ## - Област на издателските данни
-- Москва
Име на издателя, разпространителя и проч. Мысль
Година на издаване 1973
300 ## - Физическа характеристика
Страници 558 с.
Размери/Мащаб 22 см
380 ## - Жанр
Жанр История
700 1# - Други автори (авторска отговорност)
Лично име Бонгард-Левин, Григорий Максимович
Автороска отговорност (Описва отношението между автора и произведението) съавт.
9 (RLIN) 41198
700 1# - Други автори (авторска отговорност)
Лично име Котовский, Г. Г.
Автороска отговорност (Описва отношението между автора и произведението) съавт.
9 (RLIN) 287976
852 ## - Местоположение
Форматна сигнатура Цб 71626
856 4# - Електронен адрес и достъп
Електронен формат pdf - файл
Път до файла /url/
856 4# - Електронен адрес и достъп
Електронен формат pdf - файл
Път до файла /url/
942 ## - АРТИКУЛИ
Вид на библиотечния материал Книги
Скрит в OPAC Не
944 ## - СЪЗДАВАНЕ И РЕДАКЦИЯ на ЗАПИСА
Създаване/Редакция Създаване
Дата на регистрацията/редакция 13.06.2004
Служител, извършил регистрацията/редакцията Читалня
944 ## - СЪЗДАВАНЕ И РЕДАКЦИЯ на ЗАПИСА
Създаване/Редакция Редакция
Дата на регистрацията/редакция 07.06.2016
Служител, извършил регистрацията/редакцията Правда_Бадева
999 ## - СИСТЕМНИ КОНТРОЛНИ НОМЕРА
Koha biblionumber 57935
Koha biblioitemnumber 57935
Наличности
Код за отписване Код за изгубен артикул Източник на класификационната схема Код за повреда Коз за рестрикции Код за отдаване Артикулен № Име на библиотеката - собственик Име на библиотеката, в която се намира в момента Статус (Текущо местоположение) Дата на вписване в системата Местоположение - отдел Цена в лева Инвентарен номер Систематично азбучна сигнатура Баркод Номер на екземпляра Цена в евро Служебна бележка Служебен тип на артикула
  Не е изгубен Universal Decimal Classification Не е повреден без рестрикции ползва се в читалня 94758 Регионална библиотека "Любен Каравелов" Русе Регионална библиотека "Любен Каравелов" Русе Читалня 1993-01-01 Читалня 2.17 164409 Ч 93/94/А 75 К 120000164409 1 1.11 Дата инв: 28.03.2017 Бележки инв: Ч2017 Книги
Изтеглен Не е изгубен Universal Decimal Classification Не е повреден без рестрикции ползва се в читалня 94759 Регионална библиотека "Любен Каравелов" Русе Регионална библиотека "Любен Каравелов" Русе Хранилище 1973-01-01 Основен фонд - ползва се само за читалня 2.00 539010 Цб 71626 539010 2 1.02 Вид: Сф N: стар фонд Дата: 01.01.1973 Книги
Vip Innovations Ltd, Rousse, Bulgaria 2025